Country by Photo of its Leader #3 - Statistics

General Stats
  • This quiz has been taken 21 times
    14 since last reset
  • The average score is 5 of 12
Answer Stats
Picture Answer % Correct
Belarus
85%
Austria
62%
Bangladesh
54%
Vietnam
46%
Iceland
38%
Norway
38%
Thailand
38%
Australia
31%
Rwanda
31%
Singapore
31%
Chile
23%
South Sudan
15%
No matching quizzes found
Score Distribution
Percent of People with Each Score
Percentile by Number Answered
Your Score History
You have not taken this quiz since the last reset